[Event "Torneo Benidorm Gran Hotel Bali - B 2022"]
[Site "Benidorm ESP"]
[Date "2022.12.06"]
[Round "5.10"]
[White "Vladut, Matei"]
[Black "Santamaria Baeza, Adolfo"]
[Result "0-1"]
[WhiteElo "1979"]
[BlackElo "1844"]
[PlyCount "190"]
[EventDate "2022.12.03"]
[EventType "swiss"]
[EventRounds "9"]
[EventCountry "ESP"]
[SourceTitle "Ajedrez en Madrid"]
[Source "lmi"]
[SourceDate "2022.12.03"]
[SourceVersion "1"]
[SourceVersionDate "2022.12.10"]
[SourceQuality "1"]

1. g3 {[%emt 0:00:02]} e5 {[%emt 0:00:21]} 2. c4 {[%emt 0:00:18]} Nf6 {[%emt 0:00:39]} 3. Bg2 {[%emt 0:00:05]} Bc5 {[%emt 0:01:11]} 4. Nc3 {[%emt 0:00:12]} O-O {[%emt 0:00:54]} 5. e3 {[%emt 0:00:36]} d6 {[%emt 0:00:25]} 6. Nge2 {[%emt 0:00:14]} Nc6 {[%emt 0:00:23]} 7. d4 {[%emt 0:00:17]} exd4 {[%emt 0:00:41]} 8. exd4 {[%emt 0:00:02]} Bb6 {[%emt 0:01:16]} 9. O-O {[%emt 0:00:11]} Bg4 {[%emt 0:00:17]} 10. Be3 {[%emt 0:00:16]} Re8 {[%emt 0:01:16]} 11. h3 {[%emt 0:04:01]} Bh5 {[%emt 0:01:02]} 12. Qa4 {[%emt 0:01:16]} Qc8 {[%emt 0:01:59]} 13. g4 {[%emt 0:08:53]} Bg6 {[%emt 0:01:34]} 14. c5 {[%emt 0:05:25]} dxc5 {[%emt 0:00:35]} 15. dxc5 {[%emt 0:00:08]} Rxe3 {[%emt 0:00:20]} 16. fxe3 {[%emt 0:01:10]} Bxc5 {[%emt 0:00:16]} 17. Nd4 {[%emt 0:00:10]} h5 {[%emt 0:02:22]} 18. gxh5 {[%emt 0:13:10]} Nxh5 {[%emt 0:00:33]} 19. Qc4 {[%emt 0:03:53]} Nxd4 {[%emt 0:04:20]} 20. Qxc5 {[%emt 0:01:05]} Ne6 {[%emt 0:00:54]} 21. Qb4 {[%emt 0:07:27]} c6 {[%emt 0:00:49]} 22. Ne2 {[%emt 0:05:43]} Bd3 {[%emt 0:01:17]} 23. Rf2 {[%emt 0:00:32]} Bxe2 24. Rxe2 Qc7 {[%emt 0:00:21]} 25. Rd1 {[%emt 0:03:08]} Re8 {[%emt 0:00:48]} 26. Rf2 {[%emt 0:08:04]} a5 {[%emt 0:01:11]} 27. Qg4 {[%emt 0:02:02]} g6 {[%emt 0:00:23]} 28. Bf3 {[%emt 0:13:53]} Qe5 {[%emt 0:04:36]} 29. Qe4 {[%emt 0:03:20]} Qg3+ {[%emt 0:02:01]} 30. Rg2 {[%emt 0:01:04]} Qxh3 {[%emt 0:00:41]} 31. Qg4 {[%emt 0:01:13]} Qxg4 {[%emt 0:00:22]} 32. Bxg4 {[%emt 0:00:02]} Nf6 {[%emt 0:00:11]} 33. Bxe6 {[%emt 0:00:05]} Rxe6 {[%emt 0:00:09]} 34. Rd8+ {[%emt 0:02:29]} Kg7 {[%emt 0:00:24]} 35. Kf2 {[%emt 0:01:10]} Nd5 {[%emt 0:04:07]} 36. Rg3 {[%emt 0:00:18]} Re4 {[%emt 0:01:03]} 37. Rd7 {[%emt 0:04:26]} Rb4 {[%emt 0:00:11]} 38. b3 {[%emt 0:00:16]} Nf6 {[%emt 0:00:06]} 39. Rc7 {[%emt 0:00:26]} Ne4+ {[%emt 0:00:08]} 40. Kf3 {[%emt 0:00:04]} Nxg3 {[%emt 0:00:25]} 41. Kxg3 {[%emt 0:00:02]} Kf6 {[%emt 0:00:19]} 42. Kf3 {[%emt 0:00:09]} Ke6 {[%emt 0:00:30]} 43. Ke2 {[%emt 0:00:43]} g5 {[%emt 0:00:21]} 44. Kf3 {[%emt 0:00:11]} f5 {[%emt 0:00:19]} 45. Rg7 {[%emt 0:00:17]} Kf6 {[%emt 0:00:34]} 46. Rh7 {[%emt 0:01:32]} Rb5 {[%emt 0:02:32]} 47. Rh6+ {[%emt 0:00:56]} Ke5 {[%emt 0:00:53]} 48. Rg6 {[%emt 0:00:22]} g4+ {[%emt 0:00:12]} 49. Ke2 {[%emt 0:00:31]} a4 {[%emt 0:00:13]} 50. bxa4 {[%emt 0:00:12]} Rb2+ {[%emt 0:00:12]} 51. Kd3 {[%emt 0:00:04]} Rxa2 {[%emt 0:00:21]} 52. Rg7 {[%emt 0:00:03]} Ra3+ {[%emt 0:00:57]} 53. Ke2 {[%emt 0:00:14]} b5 {[%emt 0:00:49]} 54. axb5 {[%emt 0:00:15]} cxb5 {[%emt 0:00:10]} 55. Re7+ {[%emt 0:00:19]} Kf6 {[%emt 0:00:17]} 56. Re8 {[%emt 0:01:16]} Ra2+ {[%emt 0:00:23]} 57. Kf1 {[%emt 0:02:13]} b4 {[%emt 0:00:39]} 58. Rb8 {[%emt 0:00:19]} Rb2 {[%emt 0:00:11]} 59. Rb5 {[%emt 0:00:52]} b3 {[%emt 0:00:22]} 60. Kg1 {[%emt 0:00:16]} Rb1+ {[%emt 0:00:42]} 61. Kf2 {[%emt 0:00:02]} b2 {[%emt 0:00:15]} 62. Kg2 {[%emt 0:00:04]} Ke6 {[%emt 0:03:01]} 63. Kh2 {[%emt 0:00:05]} Kd6 {[%emt 0:00:28]} 64. Kg2 {[%emt 0:00:05]} Kc6 {[%emt 0:00:19]} 65. Rb8 {[%emt 0:00:06]} Kc5 {[%emt 0:00:21]} 66. Rc8+ {[%emt 0:00:20]} Kd5 {[%emt 0:00:18]} 67. Rb8 {[%emt 0:00:07]} Kc4 {[%emt 0:00:12]} 68. Kh2 {[%emt 0:00:06]} Kd3 {[%emt 0:00:27]} 69. Kg2 {[%emt 0:00:47]} Kxe3 {[%emt 0:00:16]} 70. Re8+ {[%emt 0:00:11]} Kf4 {[%emt 0:00:24]} 71. Rb8 {[%emt 0:00:05]} Ke5 {[%emt 0:01:12]} 72. Rb5+ {[%emt 0:00:05]} Kd4 {[%emt 0:00:23]} 73. Rb7 {[%emt 0:00:13]} Ke3 {[%emt 0:03:34]} 74. Re7+ {[%emt 0:00:27]} Kf4 {[%emt 0:00:15]} 75. Rb7 {[%emt 0:00:06]} Rd1 {[%emt 0:02:02]} 76. Rxb2 {[%emt 0:00:24]} Rd3 {[%emt 0:00:19]} 77. Ra2 {[%emt 0:00:28]} Ke3 {[%emt 0:00:55]} 78. Ra7 {[%emt 0:00:34]} Kf4 {[%emt 0:01:38]} 79. Ra2 {[%emt 0:00:21]} Kg5 {[%emt 0:00:35]} 80. Ra5 {[%emt 0:00:17]} Re3 {[%emt 0:00:39]} 81. Rb5 {[%emt 0:01:06]} Kf4 {[%emt 0:00:32]} 82. Rb2 {[%emt 0:00:26]} Rg3+ {[%emt 0:00:13]} 83. Kf2 {[%emt 0:00:09]} Rh3 {[%emt 0:00:39]} 84. Kg2 {[%emt 0:00:05]} Kg5 {[%emt 0:00:33]} 85. Rb5 {[%emt 0:00:11]} Rc3 {[%emt 0:00:15]} 86. Ra5 {[%emt 0:00:10]} Rf3 {[%emt 0:01:10]} 87. Rb5 {[%emt 0:00:07]} Kh4 {[%emt 0:00:19]} 88. Ra5 {[%emt 0:01:18]} f4 {[%emt 0:00:22]} 89. Rf5 {[%emt 0:00:11]} Rg3+ {[%emt 0:00:31]} 90. Kh2 {[%emt 0:00:31]} Rh3+ {[%emt 0:00:36]} 91. Kg2 {[%emt 0:00:09]} f3+ {[%emt 0:00:04]} 92. Kg1 {[%emt 0:01:07]} Kg3 {[%emt 0:00:46]} 93. Rf7 {[%emt 0:00:35]} f2+ {[%emt 0:00:47]} 94. Kf1 {[%emt 0:00:42]} Rh1+ {[%emt 0:00:08]} 95. Ke2 {[%emt 0:00:04]} Re1+ {[%emt 0:00:08]} 0-1

[Event "Torneo Benidorm Gran Hotel Bali - B 2022"]
[Site "Benidorm ESP"]
[Date "2022.12.06"]
[Round "5.12"]
[White "Aledo Yanguas, David"]
[Black "Bravo Plaza, Luis"]
[Result "1-0"]
[WhiteElo "1953"]
[BlackElo "1835"]
[PlyCount "75"]
[EventDate "2022.12.03"]
[EventType "swiss"]
[EventRounds "9"]
[EventCountry "ESP"]
[SourceTitle "Ajedrez en Madrid"]
[Source "lmi"]
[SourceDate "2022.12.03"]
[SourceVersion "1"]
[SourceVersionDate "2022.12.10"]
[SourceQuality "1"]

1. e4 {[%emt 0:00:02]} c5 {[%emt 0:00:37]} 2. c3 {[%emt 0:00:08]} e6 {[%emt 0:01:11]} 3. d4 {[%emt 0:00:53]} cxd4 {[%emt 0:00:19]} 4. Nf3 {[%emt 0:00:26]} d3 {[%emt 0:00:51]} 5. Bxd3 {[%emt 0:00:06]} Nc6 {[%emt 0:00:14]} 6. Bf4 {[%emt 0:00:17]} d6 {[%emt 0:00:08]} 7. Qe2 {[%emt 0:00:10]} e5 {[%emt 0:00:33]} 8. Be3 {[%emt 0:00:13]} Nf6 {[%emt 0:00:11]} 9. h3 {[%emt 0:00:06]} Be7 {[%emt 0:01:02]} 10. a4 {[%emt 0:01:28]} O-O {[%emt 0:01:35]} 11. Na3 {[%emt 0:00:14]} d5 {[%emt 0:00:20]} 12. exd5 {[%emt 0:01:13]} Nxd5 {[%emt 0:00:02]} 13. Nc4 {[%emt 0:00:48]} Qc7 {[%emt 0:03:55]} 14. Bxh7+ {[%emt 0:06:59]} Kxh7 {[%emt 0:00:33]} 15. Qd3+ {[%emt 0:00:06]} Kg8 {[%emt 0:01:55]} 16. Qxd5 {[%emt 0:00:23]} Be6 {[%emt 0:00:24]} 17. Qb5 {[%emt 0:01:50]} Rad8 {[%emt 0:01:26]} 18. a5 {[%emt 0:03:25]} Rd5 {[%emt 0:00:15]} 19. Qa4 {[%emt 0:00:11]} e4 {[%emt 0:06:27]} 20. Nfd2 {[%emt 0:06:59]} f5 {[%emt 0:00:59]} 21. g3 {[%emt 0:00:16]} Rd3 {[%emt 0:12:47]} 22. Bf4 {[%emt 0:04:53]} Qc8 {[%emt 0:00:33]} 23. h4 {[%emt 0:00:26]} Rfd8 {[%emt 0:01:16]} 24. O-O-O {[%emt 0:03:14]} R8d5 {[%emt 0:00:30]} 25. Nb3 {[%emt 0:01:56]} Qd8 {[%emt 0:10:56]} 26. Rxd3 {[%emt 0:04:26]} Rxd3 {[%emt 0:00:15]} 27. a6 {[%emt 0:00:40]} Qc8 {[%emt 0:02:30]} 28. axb7 {[%emt 0:04:15]} Qxb7 {[%emt 0:00:02]} 29. Bg5 {[%emt 0:02:10]} Bf8 {[%emt 0:01:07]} 30. h5 {[%emt 0:05:47]} Kh7 {[%emt 0:01:48]} 31. Be3 {[%emt 0:07:29]} Qd7 {[%emt 0:08:25]} 32. Kb1 {[%emt 0:06:48]} Qd5 {[%emt 0:08:12]} 33. Nbd2 {[%emt 0:02:00]} Rxe3 {[%emt 0:10:49]} 34. fxe3 {[%emt 0:03:59]} Qd3+ {[%emt 0:01:56]} 35. Kc1 {[%emt 0:00:27]} Nb4 {[%emt 0:02:31]} 36. Qb3 {[%emt 0:03:25]} Bc5 {[%emt 0:05:52]} 37. cxb4 {[%emt 0:01:35]} Bxe3 {[%emt 0:03:27]} 38. Qxd3 {[%emt 0:00:11]} 1-0

[Event "Torneo Benidorm Gran Hotel Bali - B 2022"]
[Site "Benidorm ESP"]
[Date "2022.12.07"]
[Round "6.1"]
[White "Ramadugu, Akshay"]
[Black "Kushal, O."]
[Result "0-1"]
[WhiteElo "1812"]
[BlackElo "1801"]
[PlyCount "118"]
[EventDate "2022.12.03"]
[EventType "swiss"]
[EventRounds "9"]
[EventCountry "ESP"]
[SourceTitle "Ajedrez en Madrid"]
[Source "lmi"]
[SourceDate "2022.12.03"]
[SourceVersion "1"]
[SourceVersionDate "2022.12.10"]
[SourceQuality "1"]

1. d4 {[%emt 0:00:19]} Nf6 {[%emt 0:00:08]} 2. c4 {[%emt 0:00:24]} g6 {[%emt 0:00:07]} 3. Nc3 {[%emt 0:00:36]} Bg7 {[%emt 0:00:20]} 4. e4 {[%emt 0:00:25]} d6 {[%emt 0:00:02]} 5. Be2 {[%emt 0:01:35]} O-O {[%emt 0:00:06]} 6. Bg5 {[%emt 0:00:32]} c5 {[%emt 0:00:07]} 7. d5 {[%emt 0:00:05]} h6 {[%emt 0:00:07]} 8. Be3 {[%emt 0:00:51]} e6 {[%emt 0:00:54]} 9. Qd2 {[%emt 0:04:29]} exd5 {[%emt 0:00:06]} 10. exd5 {[%emt 0:01:14]} Kh7 {[%emt 0:00:04]} 11. h3 {[%emt 0:00:13]} Re8 {[%emt 0:01:48]} 12. Nf3 {[%emt 0:01:23]} Bf5 {[%emt 0:02:38]} 13. O-O {[%emt 0:04:29]} Ne4 {[%emt 0:00:34]} 14. Nxe4 {[%emt 0:00:36]} Bxe4 {[%emt 0:00:13]} 15. Ne1 {[%emt 0:15:21]} Qf6 {[%emt 0:05:53]} 16. Bd3 {[%emt 0:08:56]} Nd7 {[%emt 0:07:25]} 17. Rb1 {[%emt 0:04:11]} b5 {[%emt 0:10:58]} 18. cxb5 {[%emt 0:15:28]} Nb6 {[%emt 0:07:40]} 19. b3 {[%emt 0:08:14]} Bxd5 {[%emt 0:09:28]} 20. a4 {[%emt 0:00:52]} Be6 {[%emt 0:36:11]} 21. Be2 {[%emt 0:14:38]} Nd5 {[%emt 0:06:21]} 22. Bf3 {[%emt 0:01:11]} Nc3 {[%emt 0:00:07]} 23. Rc1 {[%emt 0:00:58]} Bxb3 {[%emt 0:01:01]} 24. Bxa8 {[%emt 0:01:08]} Rxa8 {[%emt 0:00:02]} 25. Rxc3 {[%emt 0:06:54]} Qxc3 {[%emt 0:00:09]} 26. Qxd6 {[%emt 0:00:03]} Bc4 {[%emt 0:04:53]} 27. Qxc5 {[%emt 0:01:35]} Bxf1 {[%emt 0:00:08]} 28. Qxc3 {[%emt 0:00:31]} Bxc3 {[%emt 0:00:02]} 29. Kxf1 {[%emt 0:00:02]} Ba5 {[%emt 0:00:22]} 30. Nc2 {[%emt 0:02:24]} Rc8 {[%emt 0:06:06]} 31. Nd4 {[%emt 0:00:43]} Bb6 {[%emt 0:01:01]} 32. Nc6 {[%emt 0:00:41]} Bxe3 {[%emt 0:00:12]} 33. fxe3 {[%emt 0:00:01]} a6 {[%emt 0:00:04]} 34. Ke2 {[%emt 0:00:53]} axb5 {[%emt 0:00:03]} 35. axb5 {[%emt 0:00:01]} Kg7 {[%emt 0:01:46]} 36. Kd3 {[%emt 0:02:32]} Kf6 {[%emt 0:00:07]} 37. Kd4 {[%emt 0:01:17]} Ke6 {[%emt 0:00:18]} 38. Kc5 {[%emt 0:00:34]} Kd7 {[%emt 0:00:07]} 39. e4 {[%emt 0:00:44]} Ra8 {[%emt 0:01:00]} 40. Ne5+ {[%emt 0:01:54]} Ke6 {[%emt 0:00:09]} 41. Nc6 {[%emt 0:00:02]} Rc8 {[%emt 0:00:30]} 42. Kb6 {[%emt 0:01:04]} Kd6 {[%emt 0:00:23]} 43. e5+ {[%emt 0:00:35]} Kd7 {[%emt 0:00:14]} 44. Kb7 {[%emt 0:00:29]} Rc7+ {[%emt 0:00:19]} 45. Kb6 {[%emt 0:00:16]} Rc8 {[%emt 0:00:04]} 46. Kb7 {[%emt 0:00:02]} Re8 {[%emt 0:00:29]} 47. Nb8+ {[%emt 0:01:17]} Ke6 {[%emt 0:00:10]} 48. Nc6 {[%emt 0:00:06]} Kd5 {[%emt 0:01:19]} 49. Kc7 {[%emt 0:01:30]} Kc5 {[%emt 0:00:23]} 50. b6 {[%emt 0:00:44]} Re6 {[%emt 0:00:20]} 51. Nd8 {[%emt 0:00:07]} Re7+ {[%emt 0:00:20]} 52. Kc8 {[%emt 0:00:54]} Kxb6 {[%emt 0:00:14]} 53. g3 {[%emt 0:00:24]} Kc5 {[%emt 0:00:28]} 54. h4 {[%emt 0:00:43]} Kd5 {[%emt 0:00:15]} 55. Kb8 {[%emt 0:00:27]} Ke4 {[%emt 0:00:29]} 56. Nc6 {[%emt 0:00:33]} Rxe5 {[%emt 0:00:48]} 57. Nxe5 {[%emt 0:00:03]} Kxe5 {[%emt 0:00:01]} 58. Kc7 {[%emt 0:00:01]} f5 {[%emt 0:00:46]} 59. Kd7 {[%emt 0:00:03]} g5 {[%emt 0:00:21]} 0-1

[Event "Torneo Benidorm Gran Hotel Bali - B 2022"]
[Site "Benidorm ESP"]
[Date "2022.12.07"]
[Round "6.2"]
[White "Perez Garcia, Juan Angel"]
[Black "Castrillon Otero, Javier"]
[Result "1-0"]
[WhiteElo "1893"]
[BlackElo "1972"]
[PlyCount "45"]
[EventDate "2022.12.03"]
[EventType "swiss"]
[EventRounds "9"]
[EventCountry "ESP"]
[SourceTitle "Ajedrez en Madrid"]
[Source "lmi"]
[SourceDate "2022.12.03"]
[SourceVersion "1"]
[SourceVersionDate "2022.12.10"]
[SourceQuality "1"]

1. d4 {[%emt 0:00:03]} d5 {[%emt 0:00:10]} 2. Bf4 {[%emt 0:00:11]} Nf6 {[%emt 0:00:19]} 3. e3 {[%emt 0:00:14]} c5 {[%emt 0:00:22]} 4. c3 {[%emt 0:00:24]} Qb6 {[%emt 0:00:21]} 5. Qb3 {[%emt 0:01:27]} c4 {[%emt 0:00:25]} 6. Qc2 {[%emt 0:01:03]} Nc6 {[%emt 0:00:10]} 7. Nd2 {[%emt 0:00:53]} Nh5 {[%emt 0:03:52]} 8. Bg5 {[%emt 0:02:12]} h6 {[%emt 0:01:11]} 9. Bh4 {[%emt 0:00:06]} g5 {[%emt 0:00:23]} 10. Be2 {[%emt 0:00:36]} Ng7 {[%emt 0:03:50]} 11. Bg3 {[%emt 0:00:11]} Nf5 {[%emt 0:00:50]} 12. e4 {[%emt 0:04:24]} Nxg3 {[%emt 0:00:58]} 13. hxg3 {[%emt 0:00:06]} e6 {[%emt 0:01:08]} 14. e5 {[%emt 0:01:12]} Bd7 {[%emt 0:02:30]} 15. Bh5 {[%emt 0:06:19]} Be7 {[%emt 0:04:55]} 16. Ngf3 {[%emt 0:06:36]} Qc7 {[%emt 0:09:48]} 17. Nh2 {[%emt 0:04:53]} Kf8 {[%emt 0:25:54]} 18. Ng4 {[%emt 0:04:20]} Kg7 {[%emt 0:01:54]} 19. O-O-O {[%emt 0:05:15]} b5 {[%emt 0:01:23]} 20. f4 {[%emt 0:00:19]} b4 {[%emt 0:00:48]} 21. Rdf1 {[%emt 0:00:27]} Raf8 {[%emt 0:03:47]} 22. fxg5 {[%emt 0:01:20]} Bxg5 {[%emt 0:01:45]} 23. Rxf7+ {[%emt 0:02:43]} 1-0

[Event "Torneo Benidorm Gran Hotel Bali - B 2022"]
[Site "Benidorm ESP"]
[Date "2022.12.07"]
[Round "6.3"]
[White "Anguas Fanlo, Sergio"]
[Black "Gutierrez Marco, Dario"]
[Result "1/2-1/2"]
[WhiteElo "1884"]
[BlackElo "1949"]
[PlyCount "27"]
[EventDate "2022.12.03"]
[EventType "swiss"]
[EventRounds "9"]
[EventCountry "ESP"]
[SourceTitle "Ajedrez en Madrid"]
[Source "lmi"]
[SourceDate "2022.12.03"]
[SourceVersion "1"]
[SourceVersionDate "2022.12.10"]
[SourceQuality "1"]

1. d4 {[%emt 0:00:03]} Nf6 {[%emt 0:00:17]} 2. Nf3 {[%emt 0:00:14]} g6 {[%emt 0:00:41]} 3. Bf4 {[%emt 0:03:27]} Bg7 {[%emt 0:00:32]} 4. e3 {[%emt 0:00:08]} d6 {[%emt 0:01:14]} 5. Bd3 {[%emt 0:01:51]} Nbd7 {[%emt 0:04:34]} 6. O-O {[%emt 0:01:12]} O-O {[%emt 0:03:15]} 7. Nbd2 {[%emt 0:00:26]} c5 {[%emt 0:06:38]} 8. c3 {[%emt 0:01:11]} b6 {[%emt 0:00:28]} 9. Qe2 {[%emt 0:02:50]} Nh5 {[%emt 0:06:25]} 10. Bg5 {[%emt 0:05:57]} Bf6 {[%emt 0:08:17]} 11. Bxf6 {[%emt 0:09:31]} Nhxf6 {[%emt 0:00:11]} 12. Ba6 {[%emt 0:00:17]} Bxa6 {[%emt 0:04:02]} 13. Qxa6 {[%emt 0:00:04]} Qc8 {[%emt 0:00:16]} 14. Qxc8 {[%emt 0:04:24]} 1/2-1/2

[Event "Torneo Benidorm Gran Hotel Bali - B 2022"]
[Site "Benidorm ESP"]
[Date "2022.12.07"]
[Round "6.4"]
[White "Ferro Martinez, Damian"]
[Black "Romera Carrion, Ruben"]
[Result "1-0"]
[WhiteElo "1911"]
[BlackElo "1870"]
[PlyCount "97"]
[EventDate "2022.12.03"]
[EventType "swiss"]
[EventRounds "9"]
[EventCountry "ESP"]
[SourceTitle "Ajedrez en Madrid"]
[Source "lmi"]
[SourceDate "2022.12.03"]
[SourceVersion "1"]
[SourceVersionDate "2022.12.10"]
[SourceQuality "1"]

1. d4 {[%emt 0:00:07]} e6 {[%emt 0:00:54]} 2. Nf3 {[%emt 0:00:33]} Nf6 {[%emt 0:00:19]} 3. Bf4 {[%emt 0:00:08]} d5 {[%emt 0:00:23]} 4. e3 {[%emt 0:00:07]} Bd6 {[%emt 0:02:53]} 5. Nbd2 {[%emt 0:00:06]} O-O {[%emt 0:00:45]} 6. c3 {[%emt 0:00:13]} Nbd7 {[%emt 0:05:00]} 7. Ne5 {[%emt 0:05:10]} Qe7 {[%emt 0:02:19]} 8. Bd3 {[%emt 0:00:19]} c5 {[%emt 0:01:31]} 9. Qf3 {[%emt 0:03:03]} cxd4 {[%emt 0:02:47]} 10. exd4 {[%emt 0:00:34]} Bb8 {[%emt 0:07:18]} 11. Qh3 {[%emt 0:00:39]} g6 {[%emt 0:06:54]} 12. O-O {[%emt 0:04:44]} Nxe5 {[%emt 0:02:24]} 13. dxe5 {[%emt 0:00:19]} Nh5 {[%emt 0:05:04]} 14. Bh6 {[%emt 0:00:27]} Bxe5 {[%emt 0:08:10]} 15. Bxf8 {[%emt 0:00:26]} Qxf8 {[%emt 0:00:27]} 16. g3 {[%emt 0:02:51]} Bg7 {[%emt 0:11:14]} 17. Qg2 {[%emt 0:01:37]} Bd7 {[%emt 0:01:11]} 18. a4 {[%emt 0:02:27]} a6 {[%emt 0:02:37]} 19. Nb3 {[%emt 0:02:40]} Qd6 {[%emt 0:01:32]} 20. Rfd1 {[%emt 0:06:00]} Qb6 {[%emt 0:01:16]} 21. Bc2 {[%emt 0:02:53]} Bc6 {[%emt 0:03:20]} 22. a5 {[%emt 0:00:37]} Qc7 {[%emt 0:01:03]} 23. Nd4 {[%emt 0:01:17]} e5 {[%emt 0:01:58]} 24. Nxc6 {[%emt 0:02:26]} bxc6 {[%emt 0:00:03]} 25. c4 {[%emt 0:04:43]} d4 {[%emt 0:03:42]} 26. b4 {[%emt 0:04:21]} Rb8 {[%emt 0:03:57]} 27. Rab1 {[%emt 0:04:40]} Bf8 {[%emt 0:05:08]} 28. c5 {[%emt 0:00:46]} f5 {[%emt 0:00:10]} 29. Ba4 {[%emt 0:02:07]} Rc8 {[%emt 0:00:49]} 30. Qf1 {[%emt 0:00:08]} Qb7 {[%emt 0:01:05]} 31. Qc4+ {[%emt 0:00:23]} Kh8 {[%emt 0:00:16]} 32. f4 {[%emt 0:03:13]} exf4 {[%emt 0:02:14]} 33. Qxd4+ {[%emt 0:00:07]} Bg7 {[%emt 0:00:03]} 34. Qd7 {[%emt 0:00:12]} Qxd7 {[%emt 0:00:46]} 35. Rxd7 {[%emt 0:00:02]} fxg3 {[%emt 0:00:17]} 36. hxg3 {[%emt 0:03:33]} Nxg3 {[%emt 0:02:19]} 37. Rbd1 {[%emt 0:04:10]} Bf6 {[%emt 0:05:39]} 38. Rf7 {[%emt 0:01:46]} Ne2+ {[%emt 0:07:57]} 39. Kf1 {[%emt 0:02:16]} Nc3 {[%emt 0:01:25]} 40. Rxf6 {[%emt 0:03:47]} Nxd1 {[%emt 0:01:04]} 41. Bxd1 {[%emt 0:00:03]} Kg7 {[%emt 0:00:50]} 42. Rd6 {[%emt 0:00:09]} Rb8 {[%emt 0:00:18]} 43. Rxc6 {[%emt 0:01:31]} Rxb4 {[%emt 0:00:03]} 44. Rxa6 {[%emt 0:00:08]} Kf7 {[%emt 0:01:04]} 45. Rb6 {[%emt 0:04:42]} Rd4 {[%emt 0:00:45]} 46. Bb3+ {[%emt 0:00:42]} Ke7 {[%emt 0:00:18]} 47. a6 {[%emt 0:00:03]} Rd8 {[%emt 0:00:45]} 48. a7 {[%emt 0:01:21]} Ra8 {[%emt 0:00:50]} 49. Ra6 {[%emt 0:00:10]} 1-0

[Event "Torneo Benidorm Gran Hotel Bali - B 2022"]
[Site "Benidorm ESP"]
[Date "2022.12.07"]
[Round "6.5"]
[White "Lloret Mauri, Jaime"]
[Black "Saheb, Kamel"]
[Result "1-0"]
[WhiteElo "1985"]
[BlackElo "1903"]
[PlyCount "95"]
[EventDate "2022.12.03"]
[EventType "swiss"]
[EventRounds "9"]
[EventCountry "ESP"]
[SourceTitle "Ajedrez en Madrid"]
[Source "lmi"]
[SourceDate "2022.12.03"]
[SourceVersion "1"]
[SourceVersionDate "2022.12.10"]
[SourceQuality "1"]

1. e4 {[%emt 0:01:48]} e5 {[%emt 0:00:20]} 2. Nf3 {[%emt 0:00:15]} Nc6 {[%emt 0:00:11]} 3. Bc4 {[%emt 0:00:06]} Nf6 {[%emt 0:00:10]} 4. Ng5 {[%emt 0:00:48]} d5 {[%emt 0:01:32]} 5. exd5 {[%emt 0:00:06]} Na5 {[%emt 0:00:10]} 6. Bb5+ {[%emt 0:00:10]} c6 {[%emt 0:00:10]} 7. dxc6 {[%emt 0:00:07]} bxc6 {[%emt 0:00:08]} 8. Be2 {[%emt 0:00:21]} h6 {[%emt 0:00:32]} 9. Nf3 {[%emt 0:00:05]} e4 {[%emt 0:00:59]} 10. Ne5 {[%emt 0:00:06]} Bc5 {[%emt 0:02:18]} 11. c3 {[%emt 0:00:19]} O-O {[%emt 0:07:59]} 12. d4 {[%emt 0:02:54]} exd3 {[%emt 0:00:19]} 13. Nxd3 {[%emt 0:00:26]} Bd6 {[%emt 0:00:30]} 14. Bf4 {[%emt 0:00:55]} Bxf4 {[%emt 0:04:23]} 15. Nxf4 {[%emt 0:00:14]} Qc7 {[%emt 0:00:03]} 16. Nd3 {[%emt 0:01:05]} Bf5 {[%emt 0:01:41]} 17. Nc1 {[%emt 0:14:40]} Qb6 {[%emt 0:10:15]} 18. b4 {[%emt 0:02:29]} Rad8 {[%emt 0:03:15]} 19. Qa4 {[%emt 0:00:17]} Bxb1 {[%emt 0:07:49]} 20. Qxa5 {[%emt 0:07:39]} Qxa5 {[%emt 0:01:05]} 21. bxa5 {[%emt 0:00:06]} Be4 {[%emt 0:05:21]} 22. f3 {[%emt 0:00:21]} Bc2 {[%emt 0:00:26]} 23. c4 {[%emt 0:11:36]} Rfe8 {[%emt 0:01:55]} 24. Kf2 {[%emt 0:03:14]} Rd2 {[%emt 0:02:06]} 25. Re1 {[%emt 0:00:13]} c5 {[%emt 0:01:19]} 26. Kf1 {[%emt 0:01:56]} Re3 {[%emt 0:04:39]} 27. a3 {[%emt 0:01:34]} Bf5 {[%emt 0:05:58]} 28. Rd1 {[%emt 0:00:34]} Rb2 {[%emt 0:01:42]} 29. Rd8+ {[%emt 0:00:58]} Kh7 {[%emt 0:00:07]} 30. Ra8 {[%emt 0:04:24]} Re7 {[%emt 0:07:24]} 31. g4 {[%emt 0:03:29]} Bg6 {[%emt 0:05:20]} 32. Rc8 {[%emt 0:00:25]} Ne8 {[%emt 0:10:28]} 33. Rxc5 {[%emt 0:00:32]} Nc7 {[%emt 0:00:31]} 34. h4 {[%emt 0:02:48]} f6 {[%emt 0:03:38]} 35. h5 {[%emt 0:00:29]} Bc2 {[%emt 0:01:00]} 36. Ra2 {[%emt 0:01:34]} Rxa2 {[%emt 0:00:20]} 37. Nxa2 {[%emt 0:00:39]} Ne6 {[%emt 0:00:32]} 38. Rd5 {[%emt 0:02:49]} Nf4 {[%emt 0:01:21]} 39. Rd2 {[%emt 0:00:09]} Rxe2 {[%emt 0:01:48]} 40. Rxe2 {[%emt 0:00:15]} Bd3 {[%emt 0:00:01]} 41. Nc1 {[%emt 0:00:36]} Bxc4 {[%emt 0:00:02]} 42. Kf2 {[%emt 0:00:23]} Nxe2 {[%emt 0:07:25]} 43. Nxe2 {[%emt 0:00:12]} Bxe2 {[%emt 0:00:46]} 44. Kxe2 {[%emt 0:00:15]} Kg8 {[%emt 0:00:02]} 45. Kd3 {[%emt 0:05:42]} Kf7 {[%emt 0:00:04]} 46. Kc4 {[%emt 0:03:05]} f5 {[%emt 0:04:07]} 47. Kb5 {[%emt 0:00:13]} g6 {[%emt 0:00:15]} 48. Ka6 {[%emt 0:00:18]} 1-0